000 00244nam a2200109Ia 4500
008 190913s9999||||xx |||||||||||||| ||und||
100 _aHeinz Weihrich
245 0 _aManagement
260 _aUSA
_b McGraw Hill
_c1993
300 _a794
942 _cBK
999 _c8107
_d8107